| 000 | 02493nam a2200457 a 4500 | ||
|---|---|---|---|
| 999 |
_c86964 _d86964 |
||
| 003 | BLK | ||
| 005 | 20240703152957.0 | ||
| 008 | 180408b bul|||||r ||||||| ||bul|| | ||
| 010 | _aKNG00091592000 | ||
| 020 | _a978-954-91928-4-1 | ||
| 040 | _aBLK | ||
| 041 |
_aBUL _cBUL |
||
| 072 | 7 |
_2bullib _aК _xКраезнание |
|
| 080 |
_aПриготвяне на храна и различни блюда _b641.55/.56 _x(083.1) _z641.55/.56(083.1) |
||
| 080 |
_aЦивилизация. Култура. Прогрес. История на културата вж 930.85 _b008 _x(497.215)(092) _z008(497.215)(092) |
||
| 080 |
_aБиографии _b929 _x(497.215) _z929(497.215) |
||
| 100 |
_aЯкимова-Фурнаджиева, Аделаида Любомирова _d1957- _gОперна певица, оперен режисьор _eпърви автор _9286278 |
||
| 139 |
_aЩипка канела _bЩ 42 |
||
| 245 | 1 | 0 |
_aЩипка канела _bКулинарните шедьоври на русенския арт : Сб. очерци _cАделаида Якимова и др. ; ред. Стефка Тодорова |
| 257 | _aBGR | ||
| 260 |
_aРусе _bБряг _c2009 _fРазград : Полиграф |
||
| 300 |
_a128 с. _bсъс сн. _c20 см |
||
| 380 | _a62 | ||
| 500 | _aДруги авт.: Б. Шандуркова, В. Първанов, В. Радкова, В. Пенчева, В. Ангелов, Дж. Стоева, Ес. Попова, Ж. Пиротски, Ив. Иванов, Н. Иванова, Ивена, Ис. Пецов, М. Цветкова, М. Ангелова, М. Зебилянова, О. Жеков, П. Монев, Р. Константинова, Р. Владимирова, Цв. Русинов. - Изд. на Фонд. Бряг, Община Русе. Отд. Култура. - Рецептурен показалец. | ||
| 650 | 4 |
_aКулинария - рецепти _9248335 |
|
| 650 | 4 |
_aРусе - култура - дейци _9298976 |
|
| 651 | 4 |
_aРусе _9179462 |
|
| 651 | 4 |
_aБългария _9241624 |
|
| 653 | _aкултурни дейци | ||
| 653 | _aготварски рецепти | ||
| 653 | _aочерци | ||
| 659 | _aК | ||
| 659 | _aН | ||
| 852 | _aЦб 245488 | ||
| 856 | 4 |
_qpdf _i0.00 _ldisable |
|
| 856 | 4 |
_qpdf _i0.00 _ldisable |
|
| 942 |
_cKNG _n0 _01 _s1 |
||
| 944 |
_aCR _c26.09.2009 _lХристина Везирева _k30535 |
||
| 944 |
_aED _c02.11.2010 _lф / |
||
| 999 | _d86964 | ||